Difference equations : an introduction with applications /

Guardado en:
Autor Principal: Kelley, Walter G.
Otros Autores: Peterson, Allan C.
Formato: Libro
Idioma:English
Publicado: Boston : Academic Press, c1991.
Materias:
Etiquetas: Agregar Etiqueta
Sin Etiquetas, Sea el primero en etiquetar este registro!
LEADER 01104pam a2200229 a 4500
001 MAT.inmabb003374
008 900913s1991####maua#####b####001#0#eng##
005 20130308105301.0
245 1 0 |a Difference equations :  |b an introduction with applications /  |c Walter G. Kelley, Allan C. Peterson. 
260 |a Boston :  |b Academic Press,  |c c1991. 
300 |a xi, 455 p. :  |b il. ;  |c 24 cm. 
504 |a Incluye referencias bibliográficas (p. 433-451) e índice. 
505 8 |a 1. Introduction -- 2. The difference calculus -- 3. Linear difference equations -- 4. Stability theory -- 5. Asymptotic methods -- 6. The self-adjoint second order linear equation -- 7. The Sturm-Liouville problem -- 8. Discrete calculus of variations -- 9. Boundary value problems for nonlinear equations -- 10. Partial difference equations. 
510 4 |a MR,  |c 93f:39002 
020 |a 0124033253 
100 1 |a Kelley, Walter G. 
700 1 |a Peterson, Allan C. 
650 0 |a Difference equations. 
084 |a 39A10 (39-01 39A05 39A11)  |2 msc2000 
010 |a  90014437  
040 |a DLC  |c DLC  |d DLC 
859 |h 39  |i K29  |p A-6436  |b BIB. MATEMATICA